00814aam a2200253 450000500170000000800410001704100080005808200170006610000200008324501190010326000130022226000100023526000090024530000180025449000470027265000520031965000190037165000300039065000520042065000240047265000290049665000130052565000220053820250717135759.0150909b2010 xxu||||| |||| 00| 0 spa d aESP a658.408 Y95e aYunus, Muhammad aEmpresas para todos: hacia un nuevo modelo de capitalismo que atiente las necesidades mas urgentes de la humanidad aColombia bNorma c2010 a213 páginas aDirección y Administración de Empresas aRESPONSABILIDAD SOCIAL DE LA GERENCIA EJECUTIVA aEMPRESA SOCIAL aLANZAR UNA EMPRESA SOCIAL aAPLICAR TECNOLOGÍAS A LAS NECESIDADES HUMANAS aTRABAJAR CON SOCIOS aÉTICA DE LOS NEGOCIOS  aEMPRESAS aASPECTOS SOCIALES